| 000 | 00582nam a22001697a 4500 | ||
|---|---|---|---|
| 020 | _qHard Cover. | ||
| 082 | _a004 | ||
| 100 | _aMuhammad Yaseen Khan, Imran Khan | ||
| 245 |
_aVirtual 3D augmented reality / _cMuhammad Yaseen Khan, Imran Khan |
||
| 260 |
_aIslamabad : _bSEECS - NUST, _c2011 |
||
| 300 |
_a64 p. : ill. ; _c30cm. |
||
| 650 |
_aComputer Science Engineering-Project Report _931419 |
||
| 700 |
_aMr. Aamir Jelani _931370 |
||
| 856 | _uhttp://10.250.8.41:8080/xmlui/handle/123456789/29538 | ||
| 942 |
_2ddc _cPR |
||
| 999 |
_c540521 _d540521 |
||